Ako predchádzať sociálno-patologickým javom ako dôsledkom rodových stereotypov vo výchove a vzdelávaní v škole?

Podrobná bibliografia
Hlavný autor: Dončevová, Silvia (Autor)
Médium: Článok
Jazyk:slovenčina
ISSN:1335-1109
Predmet:

MARC

LEADER 00000nab a2200000 a 4500
001 vtls009961781
003 SK-MaSNL
005 20260426090929.0
008 250506c2008 xo qr|p|||||||000 b|slo
015 |a SNBRB2009/10  |2 snkbucl 
035 |a (uuid)477bbfad-b947-4e0a-b68b-2a824af85567 
035 |a urn:nbn:sk:snk-ab2x7d 
035 |a (urnnbn)urn:nbn:sk:snk:ar-a03262 
038 |a SNKBUCL 
040 |a SNKBUCL  |b slo  |c SNKBUCL  |e AACR2 
041 0 |a slo  |b eng 
044 |a xo  |c SK 
080 |a 316.346.32-053.6  |2 2001 
080 |a 316.3  |2 2001 
080 |a 316.624  |2 2001 
080 |a 37  |2 2001 
100 1 |a Dončevová, Silvia  |4 aut  |9 267544 
245 1 0 |a Ako predchádzať sociálno-patologickým javom ako dôsledkom rodových stereotypov vo výchove a vzdelávaní v škole? 
504 |a Bibliogr. odkazy 
546 |a Res. angl. 
650 0 7 |a mládež  |2 snkbucl  |9 1575 
650 0 7 |a spoločnosť  |2 snkbucl  |9 1013 
650 0 7 |a sociálna deviácia  |2 snkbucl  |9 4928 
650 0 7 |a rodové stereotypy  |2 snkbucl  |9 550755 
650 0 7 |a výchova  |2 snkbucl  |9 957 
650 0 7 |a vzdelávanie  |2 snkbucl  |9 4033 
773 0 |t Mládež a spoločnosť  |g Roč. XIV, č. 4 (2008), s. 29-34  |x 1335-1109 
850 |a Slovenská národná knižnica 
852 |a Slovenská národná knižnica 
954 |a odborná, vedecká literatúra pôvodná (slovenská)  |2 lita 
958 |a article27 
958 |a SK 
958 |a NB 
958 |a OND 
958 |a EUIPO 
999 |c 3008568  |d 3010498